000 01674nam0a2200313 i 4500
001 RU\NLR\BIBL_A\012173175
005 20240921221110.0
010 _a9785604310656
_9100
021 _aRU
_b2019-92229
_9КН-П-6749
035 _a(RuMoRGB)010183280
035 _a(NLR Aleph) 012173175
090 _a12250681
_c12250681
100 _a20191226d2019 k y0rusy50 ca
101 0 _arus
102 _aRU
105 _aa|||z|||000zy
200 1 _aИзучение дифракционных явлений с использованием продуктивных методов обучения в профессиональной подготовке студентов
_e[монография]
_fО.В. Ломакина
_gМинистерство науки и высшего образования Российской Федерации, Федеральное государственное бюджетное образовательное учреждение высшего образования "Тамбовский государственный технический университет"
210 _aТамбов
_cТГТУ
_d2019
215 _a175 с.
_cил.
_d20
320 _aБиблиогр.: с. 168-175 (72 назв.)
606 1 _aРадиоэлектронная промышленность
_xКадры
_xПодготовка
_92196978
_3RU\NLR\AUTH\6601555635
606 1 _aДифракция
_91056134
_3RU\NLR\AUTH\6690751
686 1 _aЧ458.752
686 1 _aВ342
700 1 _aЛомакина
_bО. В.
_gОльга Владимировна
942 _cBOOK
980 _aNBR